000 00567nam a2200169 4500
001 137500
003 ES-MaACL
005 20250820063043.0
007 t|
008 070214s1925 cu r ||||1| spa d
100 1 _aSánchez de Bustamante y Sirvén, Antonio,
_d1865-1951
_9102572
245 1 0 _aProyecto de Código de Derecho Internacional Privado /
_cAntonio Sánchez de Bustamante y Sirvén.
260 _aLa Habana :
_b[s.n.],
_c1925 (
_fImp. Siglo XXI)
300 _a288 p. ;
_c20 cm.
852 _aES-MaACL
_jF-5310
_bR.5078
999 _c137500
_d137500